000 02089nam1a2200289 i 4500
001 RU\NLR\BIBL_A\010655291
005 20260408113551.0
021 _aRU
_b14-4674
035 _a(NLR Aleph) 010655291
090 _a10723761
_c10723761
100 _a20140327g20139999k y0rusy50 ca
101 0 _arus
102 _aRU
105 _a |||z||||||||
200 1 _aСборник научных трудов Кафедры теории и методики физической культуры, педагогики и психологии
_fМ-во спорта Рос. Федерации, Федер. гос. бюджет. образоват. учреждение высш. проф. образования "Воронежский гос. ин-т физ. культуры", Каф. теории и методики физ. культуры, педагогики и психологии
_g[под ред. О. Н. Савинковой, М. В. Леньшиной]
210 _aВоронеж
_cНаучная книга
_d2013
215 _d21
601 0 2 _aВоронежский государственный институт физической культуры
_bКафедра теории и методики физической культуры, педагогики и психологии
_jСборники
_xНаучно-исследовательская работа преподавателей
_92222706
_3RU\NLR\AUTH\6601567616
606 1 _aФизическая культура и спорт
_jСборники
_9909851
_3RU\NLR\AUTH\6612378
686 1 _aЧ489.534(2)7е(2Р)л3я43
686 1 _aЧ51я43
702 1 _aСавинкова
_bО. Н.
_gОльга Николаевна
_4340
712 0 2 _4570
_aВоронежский государственный институт физической культуры
_bКафедра теории и методики физической культуры, педагогики и психологии
_3RU\NLR\AUTH\880364715
_9396287
852 _aNLR
_j2014-3/8733
942 _cBOOK